Sacramentos y cristianismo (Record no. 104560)

MARC details
000 -LEADER
campo de control de longitud fija 00614nam a2200157 i 4500
001 - NÚMERO DE CONTROL
campo de control 104560
003 - IDENTIFICADOR DE NÚMERO DE CONTROL
campo de control ES-MaACL
005 - FECHA Y HORA DE LA ÚLTIMA TRANSACCIÓN
campo de control 20230906183633.0
007 - CAMPO FIJO DE DESCRIPCIÓN FÍSICA--INFORMACIÓN GENERAL
campo de control de longitud fija t|
008 - DATOS DE LONGITUD FIJA--INFORMACIÓN GENERAL
campo de control de longitud fija 051201s1960 sp ||||1| spa d
100 1# - ENTRADA PRINCIPAL--NOMBRE DE PERSONA
Nombre de persona Mínguez, Alejandro.
9 (RLIN) 81343
245 10 - MENCIÓN DEL TÍTULO
Título Sacramentos y cristianismo
Resto del título : aplicaciones espirituales de la teología sacramentaria a la vida cristiana, según los escritos del V. P. Luis de la Puente, S. J. /
Mención de responsabilidad, etc. por el Rvdo. D. Alejandro Minguez.
260 ## - PUBLICACIÓN, DISTRIBUCIÓN, ETC.
Lugar de publicación, distribución, etc. Burgos :
Nombre del editor, distribuidor, etc. [s.n.],
Fecha de publicación, distribución, etc. 1960 (
Fabricante Imp. Hijos de Santiago Rodríguez)
300 ## - DESCRIPCIÓN FÍSICA
Extensión 271 p. ;
Dimensiones 26 cm.
852 ## - LOCALIZACIÓN
Ubicación ES-MaACL
Número de control de estantería C-19889
Sublocalización o colección R.47659
Holdings
Estatus retirado Estado de pérdida Estado de daño No para préstamo Biblioteca de origen Biblioteca actual Ubicación en estantería Fecha de adquisición Fuente de adquisición Total de préstamos Signatura topográfica completa Código de barras Visto por última vez Precio de reemplazo Tipo de ítem Koha
        Biblioteca del Ateneo de Madrid Biblioteca del Ateneo de Madrid Galería 17/01/2008     C-19889 1109165 23/02/2023 23/02/2023 Libro impreso